Countries Within Words - Statistics

General Stats
  • This quiz has been taken 18 times
  • The average score is 9 of 16
Answer Stats
Definition Word % Correct
to control every aspect of an activity, often in an oppressive manner micr{oman}age
100%
a feature or occurrence deviating from the standard abnor{mali}ty
94%
a South American freshwater fish with infamously sharp teeth p{iran}ha
94%
a substance that is applied to inhibit perspiration antipersp{iran}t
89%
dishes made out of a ceramic material {china}ware
83%
a person with an obsessive desire to set fire to things py{romania}c
78%
a person who has ambitions to achieve something asp{iran}t
67%
a person who wanders without a home or job va{gabon}d
61%
keep at an appropriate temperature for development in{cuba}tor
50%
pleasure from another person's misfortune s{chad}enfreude
50%
the strict adherence to an etiquette for{mali}ty
39%
a plot or scheme ma{china}tion
33%
the action of reading or examining something {peru}sal
33%
one who holds and cultivates an estate ye{oman}
33%
the art process where designs are transferred from paper to glass decalc{oman}ia
6%
a curse {mali}son
6%
No matching quizzes found
Score Distribution
Percent of People with Each Score
Percentile by Number Answered
Your Score History
You have not taken this quiz